| 000 | 01429nam a2200445 i 4500 | ||
|---|---|---|---|
| 001 | 7455 | ||
| 003 | KOSZ 005 | ||
| 005 | 20200430130946.0 | ||
| 008 | 071228s1971 pl a f f |000 0 pol | ||
| 015 | _aUWD 1972/3719 | ||
| 035 | _a991039109169705066 | ||
| 035 | _a(PL-WaBN)b20463108-48omnis_nlop | ||
| 035 | _ab20463108 | ||
| 035 | _a(OCoLC)831239763 | ||
| 035 | _a(PL)b0000002046310 | ||
| 035 | _a(EXLNZ-48OMNIS_NETWORK)9910257026305606 | ||
| 040 |
_aWA N _cWA N _dKOSZ 005/HR |
||
| 080 | _a629.5 | ||
| 080 | _a621.18 | ||
| 080 | _a(075.8) | ||
| 100 | 1 |
_aPiotrowski, Witold _d(1922-1989) _eAutor |
|
| 245 | 1 | 0 |
_aOkrętowe kotły parowe / _cWitold Piotrowski ; Politechnika Gdańska. |
| 260 |
_aGdańsk : _bPolitechnika Gdańska, _c1971. |
||
| 300 |
_a271 s. : _bil. ; _c23 cm. |
||
| 336 |
_aTekst _btxt _2rdacontent |
||
| 337 |
_aBez urządzenia pośredniczącego _bn _2rdamedia |
||
| 338 |
_aWolumin _bnc _2rdacarrier |
||
| 380 | _aKsiążki | ||
| 380 | _aPublikacje dydaktyczne | ||
| 385 |
_mPoziom nauczania _aSzkoły wyższe |
||
| 388 | _a1901-2000 | ||
| 504 | _aBibliogr. | ||
| 650 | 7 |
_aKotły okrętowe _2DBN |
|
| 650 | 7 | _aKotły parowe | |
| 655 | 7 |
_aPodręczniki akademickie _2DBN |
|
| 658 | _aInżynieria i technika | ||
| 856 |
_uhttp://koha.tu.koszalin.pl/cgi-bin/koha/opac-detail.pl?biblionumber=7455 _yKatalog online BPK |
||
| 942 |
_2UKD _cKS |
||
| 999 |
_c7455 _d7455 |
||